| 000 | 00430nam a2200157Ia 4500 | ||
|---|---|---|---|
| 008 | 240729s9999 xx 000 0 und d | ||
| 022 | _a2327-9834 | ||
| 245 | 0 | _aHortScience | |
| 260 | _aUnited States | ||
| 260 | _bAmerican Society for Horticultural Science (ASHS) | ||
| 650 | _a Plant culture | ||
| 650 | _aAgriculture | ||
| 856 | _uhttps://doaj.org/toc/f784599bc13e43e2a3ceba4c7597226f | ||
| 942 | _2ddc | ||
| 942 | _cDOAJEJ | ||
| 999 |
_c68742 _d68742 |
||
| 945 |
_a1 _bMadushi Gamage _c1 _dMadushi Gamage |
||